[Event "Campeonato España Sub 16"]
[Site "Salobreña"]
[Date "2017.07.29"]
[Round "9"]
[White "Llados Clos, Jordi"]
[Black "Redondo Benavente, Ana"]
[Result "0-1"]
[Board "16"]
[WhiteClock "1:27"]
[WhiteElo "1895"]
[WhiteCountry "ESP"]
[WhiteFideId "32066350"]
[WhiteEloChange "-6"]
[BlackClock "1:30"]
[BlackTitle "WFM"]
[BlackElo "2026"]
[BlackCountry "ESP"]
[BlackFideId "32021674"]
[BlackEloChange "6"]

1. e4 {[%clk 1:27:00]} e6 {[%clk 1:30:00]} 2. d4 {[%clk 1:27:00]} d5 {[%clk
1:30:00]} 3. e5 {[%clk 1:27:00]} c5 {[%clk 1:30:00]} 4. c3 {[%clk 1:27:00]} Qb6
{[%clk 1:30:00]} 5. Nf3 {[%clk 1:28:00]} Nc6 {[%clk 1:30:00]} 6. a3 {[%clk
1:28:00]} Nh6 {[%clk 1:30:00]} 7. Bd3 {[%clk 1:25:00]} cxd4 {[%clk 1:29:00]} 8.
cxd4 {[%clk 1:26:00]} Nf5 {[%clk 1:30:00]} 9. Bxf5 {[%clk 1:26:00]} exf5 {[%clk
1:30:00]} 10. O-O {[%clk 1:25:00]} Be6 {[%clk 1:30:00]} 11. Nc3 {[%clk 1:24:00]}
h6 {[%clk 1:30:00]} 12. b4 {[%clk 1:24:00]} Be7 {[%clk 1:30:00]} 13. Be3 {[%clk
1:12:00]} O-O {[%clk 1:25:00]} 14. Rc1 {[%clk 1:11:00]} Rac8 {[%clk 1:23:00]} 15.
Na4 {[%clk 1:10:00]} Qd8 {[%clk 1:22:00]} 16. Nc5 {[%clk 1:08:00]} b6 {[%clk
1:21:00]} 17. Nxe6 {[%clk 1:08:00]} fxe6 {[%clk 1:21:00]} 18. Qd2 {[%clk
1:08:00]} Rf7 {[%clk 1:08:00]} 19. Rc3 {[%clk 0:55:00]} Bf8 {[%clk 1:07:00]} 20.
Rfc1 {[%clk 0:53:00]} Rfc7 {[%clk 1:06:00]} 21. g3 {[%clk 0:44:00]} b5 {[%clk
1:00:00]} 22. Qb2 {[%clk 0:35:00]} Nb8 {[%clk 0:56:00]} 23. Nd2 {[%clk 0:29:00]}
Nd7 {[%clk 0:54:00]} 24. Nb3 {[%clk 0:22:00]} Nb6 {[%clk 0:51:00]} 25. Rxc7
{[%clk 0:20:00]} Rxc7 {[%clk 0:50:29]} 26. Rxc7 {[%clk 0:20:00]} Qxc7 {[%clk
0:52:00]} 27. Nd2 {[%clk 0:17:19]} Kf7 {[%clk 0:49:00]} 28. f3 {[%clk 0:16:08]}
Na4 {[%clk 0:48:00]} 29. Qb3 {[%clk 0:14:57]} Qc1+ {[%clk 0:45:00]} 30. Nf1
{[%clk 0:14:53]} Qc4 {[%clk 0:43:00]} 31. Nd2 {[%clk 0:14:47]} Qc6 {[%clk
0:43:00]} 32. Kf2 {[%clk 0:14:09]} Be7 {[%clk 0:25:00]} 33. h4 {[%clk 0:03:35]}
g5 {[%clk 0:25:00]} 34. hxg5 {[%clk 0:02:18]} hxg5 {[%clk 0:25:00]} 35. Nf1
{[%clk 0:01:40]} Nb6 {[%clk 0:25:00]} 36. Nd2 {[%clk 0:01:39]} a6 {[%clk
0:25:00]} 37. Qb2 {[%clk 0:01:39]} Nc4 {[%clk 0:25:00]} 38. Qc3 {[%clk 0:01:39]}
Qe8 {[%clk 0:25:00]} 39. Nf1 {[%clk 0:01:39]} Qh8 {[%clk 0:25:00]} 40. Bc1 {[%clk
0:01:39]} Qh5 {[%clk 0:25:00]} 41. Qd3 {[%clk 0:01:39]} g4 {[%clk 0:25:00]} 42.
f4 {[%clk 0:01:39]} Qh8 {[%clk 0:25:00]} 43. Qc3 {[%clk 0:01:39]} Bd8 {[%clk
0:25:00]} 44. Bd2 {[%clk 0:01:36]} Bb6 {[%clk 0:25:00]} 45. Be3 {[%clk 0:01:30]}
Kg6 {[%clk 0:25:00]} 46. Qb3 {[%clk 0:01:13]} Qh1 {[%clk 0:23:29]} 47. Qc3 {[%clk
0:00:37]} Qf3+ {[%clk 0:24:00]} 48. Ke1 {[%clk 0:01:02]} Qe4 {[%clk 0:23:00]} 49.
Kf2 {[%clk 0:00:48]} Nxe3 {[%clk 0:22:00]} 50. Nxe3 {[%clk 0:01:01]} Bxd4 {[%clk
0:22:00]} 51. Qb3 {[%clk 0:00:32]} Qf3+ {[%clk 0:22:00]} 0-1

[Event "Campeonato España Sub 16"]
[Site "Salobreña"]
[Date "2017.07.29"]
[Round "9"]
[White "Soto Martin, Miguel"]
[Black "Dominguez Ruiz, Mario"]
[Result "1/2-1/2"]
[Board "17"]
[WhiteClock "1:30"]
[WhiteElo "1881"]
[WhiteCountry "ESP"]
[WhiteFideId "32035195"]
[WhiteEloChange "3"]
[BlackClock "1:30"]
[BlackElo "2004"]
[BlackCountry "ESP"]
[BlackFideId "32092563"]
[BlackEloChange "-3"]

1. e4 {[%clk 1:30:00]} c5 {[%clk 1:30:00]} 2. Nf3 {[%clk 1:31:00]} d6 {[%clk
1:30:00]} 3. c3 {[%clk 1:31:00]} Nf6 {[%clk 1:31:00]} 4. h3 {[%clk 1:32:00]} Nbd7
{[%clk 1:31:00]} 5. Bd3 {[%clk 1:32:00]} b6 {[%clk 1:31:00]} 6. O-O {[%clk
1:32:00]} Bb7 {[%clk 1:31:00]} 7. Re1 {[%clk 1:32:00]} Qc7 {[%clk 1:31:00]} 8.
Bc2 {[%clk 1:33:00]} Rc8 {[%clk 1:31:00]} 9. d3 {[%clk 1:33:00]} e6 {[%clk
1:32:00]} 10. Nbd2 {[%clk 1:33:00]} Be7 {[%clk 1:32:00]} 11. Nf1 {[%clk 1:33:00]}
O-O {[%clk 1:32:00]} 12. Bf4 {[%clk 1:33:00]} Rfe8 {[%clk 1:29:00]} 13. Rc1
{[%clk 1:32:00]} Ne5 {[%clk 1:26:00]} 14. d4 {[%clk 1:25:00]} Nxf3+ {[%clk
1:26:00]} 15. Qxf3 {[%clk 1:25:00]} cxd4 {[%clk 1:17:00]} 16. cxd4 {[%clk
1:25:00]} Qb8 {[%clk 1:18:00]} 17. Qd3 {[%clk 1:09:00]} e5 {[%clk 1:17:00]} 18.
Bd2 {[%clk 1:08:00]} Red8 {[%clk 1:14:00]} 19. d5 {[%clk 1:07:00]} g6 {[%clk
1:12:00]} 20. b4 {[%clk 1:04:00]} Rc7 {[%clk 1:08:00]} 21. Bb3 {[%clk 1:03:00]}
Rdc8 {[%clk 1:08:00]} 22. Rxc7 {[%clk 1:02:00]} Rxc7 {[%clk 1:09:00]} 23. Rc1
{[%clk 1:01:30]} Rxc1 {[%clk 1:01:00]} 24. Bxc1 {[%clk 1:01:30]} b5 {[%clk
1:00:00]} 25. Bg5 {[%clk 0:58:00]} Bc8 {[%clk 0:56:00]} 26. Be3 {[%clk 0:58:00]}
a6 {[%clk 0:55:31]} 27. Nd2 {[%clk 0:57:00]} Bd7 {[%clk 0:52:00]} 28. Bd1 {[%clk
0:54:00]} Bd8 {[%clk 0:50:00]} 29. Nb3 {[%clk 0:53:30]} Ne8 {[%clk 0:49:00]} 30.
Bg4 {[%clk 0:53:00]} Bxg4 {[%clk 0:44:00]} 31. hxg4 {[%clk 0:53:00]} Nf6 {[%clk
0:43:30]} 32. f3 {[%clk 0:52:00]} Nd7 {[%clk 0:43:30]} 33. Qc3 {[%clk 0:52:00]}
Qb7 {[%clk 0:43:00]} 34. Kf1 {[%clk 0:51:30]} Qc7 {[%clk 0:42:00]} 35. Qxc7
{[%clk 0:50:00]} Bxc7 {[%clk 0:42:00]} 36. Ke2 {[%clk 0:49:29]} Kf8 {[%clk
0:42:00]} 37. Bh6+ {[%clk 0:49:29]} Ke7 {[%clk 0:42:00]} 38. Bg5+ {[%clk
0:49:00]} f6 {[%clk 0:42:00]} 39. Be3 {[%clk 0:49:00]} Bb6 {[%clk 0:42:00]} 40.
Bxb6 {[%clk 0:47:26]} Nxb6 {[%clk 0:41:32]} 41. Na5 {[%clk 0:47:26]} Kd7 {[%clk
0:41:32]} 42. Kd3 {[%clk 0:44:57]} Na4 {[%clk 0:41:32]} 43. Nc6 {[%clk 0:44:57]}
Nb2+ {[%clk 0:41:01]} 44. Kc3 {[%clk 0:44:57]} Nc4 {[%clk 0:41:01]} 45. Kb3
{[%clk 0:43:28]} h6 {[%clk 0:39:31]} 46. Kc3 {[%clk 0:43:28]} Nb6 {[%clk
0:39:00]} 47. Na5 {[%clk 0:43:28]} f5 {[%clk 0:39:00]} 48. gxf5 {[%clk 0:43:28]}
gxf5 {[%clk 0:39:00]} 49. Kd3 {[%clk 0:43:28]} f4 {[%clk 0:39:00]} 50. Kc3 {[%clk
0:43:28]} h5 {[%clk 0:38:30]} 51. Kd3 {[%clk 0:43:28]} h4 {[%clk 0:38:30]} 52.
Ke2 {[%clk 0:43:28]} Nc4 {[%clk 0:38:30]} 53. Kd3 {[%clk 0:43:28]} Kd8 {[%clk
0:37:59]} 54. Nc6+ {[%clk 0:43:28]} Kd7 {[%clk 0:37:59]} 55. Na5 {[%clk 0:43:28]}
Kd8 56. Nc6+ {[%clk 0:43:28]} Ke8 57. Nb8 {[%clk 0:43:28]} Kd8 58. Nc6+ {[%clk
0:43:28]} 1/2-1/2

[Event "Campeonato España Sub 16"]
[Site "Salobreña"]
[Date "2017.07.29"]
[Round "9"]
[White "Amador Garcia, Ismael"]
[Black "Rodriguez Izquierdo, Luis"]
[Result "1/2-1/2"]
[Board "18"]
[WhiteClock "1:28"]
[WhiteElo "1877"]
[WhiteCountry "ESP"]
[WhiteFideId "32040920"]
[WhiteEloChange "5"]
[BlackClock "1:30"]
[BlackElo "2088"]
[BlackCountry "ESP"]
[BlackFideId "32051603"]
[BlackEloChange "-5"]

1. e4 {[%clk 1:29:00]} c5 {[%clk 1:30:00]} 2. c3 {[%clk 1:29:00]} Nf6 {[%clk
1:31:00]} 3. e5 {[%clk 1:30:00]} Nd5 {[%clk 1:31:00]} 4. Nf3 {[%clk 1:30:00]} Nc6
{[%clk 1:32:00]} 5. Bc4 {[%clk 1:31:00]} Nb6 {[%clk 1:32:00]} 6. Bb3 {[%clk
1:31:00]} d5 {[%clk 1:32:00]} 7. exd6 {[%clk 1:31:00]} c4 {[%clk 1:32:00]} 8. Bc2
{[%clk 1:32:00]} e5 {[%clk 1:33:00]} 9. O-O {[%clk 1:24:00]} Be6 {[%clk 1:33:00]}
10. Re1 {[%clk 1:21:00]} Bxd6 {[%clk 1:33:00]} 11. d4 {[%clk 1:19:00]} cxd3
{[%clk 1:34:00]} 12. Bxd3 {[%clk 1:17:00]} h6 {[%clk 1:33:00]} 13. a4 {[%clk
1:16:00]} Rc8 {[%clk 1:28:00]} 14. a5 {[%clk 1:12:00]} Nd5 {[%clk 1:26:00]} 15.
a6 {[%clk 1:10:00]} b6 {[%clk 1:25:00]} 16. Na3 {[%clk 1:08:00]} Nde7 {[%clk
1:20:00]} 17. Nc4 {[%clk 1:04:00]} Bxc4 {[%clk 1:18:00]} 18. Bxc4 {[%clk
1:05:00]} Bb8 {[%clk 1:13:00]} 19. Qa4 {[%clk 0:59:00]} O-O {[%clk 1:12:46]} 20.
Be3 {[%clk 0:59:00]} Qc7 {[%clk 1:12:00]} 21. Bf1 {[%clk 0:56:00]} f5 {[%clk
0:59:00]} 22. Qh4 {[%clk 0:49:00]} f4 {[%clk 0:46:00]} 23. Bc4+ {[%clk 0:45:00]}
Kh8 {[%clk 0:46:00]} 24. Bd2 {[%clk 0:44:00]} Nf5 {[%clk 0:35:00]} 25. Qh3 {[%clk
0:42:00]} Rce8 {[%clk 0:35:00]} 26. Ng5 {[%clk 0:40:00]} Qc8 {[%clk 0:29:00]} 27.
Nf7+ {[%clk 0:37:00]} Kh7 {[%clk 0:30:00]} 28. Ng5+ {[%clk 0:38:00]} Kh8 {[%clk
0:30:00]} 29. Nf7+ {[%clk 0:37:00]} Kh7 {[%clk 0:30:00]} 30. Ng5+ {[%clk
0:38:00]} Kh8 {[%clk 0:30:00]} 1/2-1/2

[Event "Campeonato España Sub 16"]
[Site "Salobreña"]
[Date "2017.07.29"]
[Round "9"]
[White "Castillo Dalmau, Albert"]
[Black "Lopez Mijail, Nicolas"]
[Result "0-1"]
[Board "19"]
[WhiteClock "1:28"]
[WhiteElo "2258"]
[WhiteCountry "ESP"]
[WhiteFideId "32009925"]
[WhiteEloChange "-17"]
[BlackClock "1:30"]
[BlackElo "1923"]
[BlackCountry "ESP"]
[BlackFideId "24513407"]
[BlackEloChange "17"]

1. c4 {[%clk 1:29:00]} e5 {[%clk 1:30:00]} 2. g3 {[%clk 1:29:00]} Nf6 {[%clk
1:31:00]} 3. Bg2 {[%clk 1:30:00]} d5 {[%clk 1:31:00]} 4. cxd5 {[%clk 1:30:00]}
Nxd5 {[%clk 1:32:00]} 5. Nc3 {[%clk 1:30:00]} Nb6 {[%clk 1:32:00]} 6. Nf3 {[%clk
1:31:00]} Nc6 {[%clk 1:32:00]} 7. O-O {[%clk 1:31:00]} Be7 {[%clk 1:33:00]} 8. a3
{[%clk 1:32:00]} O-O {[%clk 1:33:00]} 9. d3 {[%clk 1:32:00]} Be6 {[%clk 1:33:00]}
10. b4 {[%clk 1:31:00]} a5 {[%clk 1:34:00]} 11. b5 {[%clk 1:31:00]} Nd4 {[%clk
1:34:00]} 12. Rb1 {[%clk 1:27:00]} f6 {[%clk 1:28:00]} 13. Nd2 {[%clk 1:23:00]}
c6 {[%clk 1:12:00]} 14. bxc6 {[%clk 1:22:00]} Nxc6 {[%clk 1:12:00]} 15. Na4
{[%clk 0:53:00]} Nxa4 {[%clk 0:50:00]} 16. Qxa4 {[%clk 0:53:00]} Nd4 {[%clk
0:49:30]} 17. Re1 {[%clk 0:47:00]} Bd5 {[%clk 0:49:00]} 18. Bxd5+ {[%clk
0:40:00]} Qxd5 {[%clk 0:50:00]} 19. Qc4 {[%clk 0:33:00]} Qxc4 {[%clk 0:47:00]}
20. Nxc4 {[%clk 0:33:00]} b5 {[%clk 0:46:29]} 21. Nb6 {[%clk 0:33:00]} Rad8
{[%clk 0:45:59]} 22. e3 {[%clk 0:23:00]} Nf3+ {[%clk 0:46:00]} 23. Kf1 {[%clk
0:24:00]} Nxe1 {[%clk 0:46:00]} 24. Kxe1 {[%clk 0:24:00]} Rd6 {[%clk 0:46:00]}
0-1

[Event "Campeonato España Sub 16"]
[Site "Salobreña"]
[Date "2017.07.29"]
[Round "9"]
[White "Martinez Fernandez, Adrian"]
[Black "Gonzalez Serrato, Diego"]
[Result "1-0"]
[Board "20"]
[WhiteClock "1:30"]
[WhiteElo "2111"]
[WhiteCountry "ESP"]
[WhiteFideId "32049048"]
[WhiteEloChange "4"]
[BlackClock "1:30"]
[BlackElo "1883"]
[BlackCountry "ESP"]
[BlackFideId "32069170"]
[BlackEloChange "-4"]

1. e4 {[%clk 1:30:00]} c5 {[%clk 1:30:00]} 2. Nf3 {[%clk 1:30:00]} Nc6 {[%clk
1:31:00]} 3. d4 {[%clk 1:31:00]} cxd4 {[%clk 1:31:00]} 4. Nxd4 {[%clk 1:31:00]}
Nf6 {[%clk 1:32:00]} 5. Nc3 {[%clk 1:31:00]} e5 {[%clk 1:32:00]} 6. Ndb5 {[%clk
1:32:00]} d6 {[%clk 1:33:00]} 7. Bg5 {[%clk 1:32:00]} a6 {[%clk 1:33:00]} 8. Na3
{[%clk 1:33:00]} b5 {[%clk 1:33:00]} 9. Nd5 {[%clk 1:33:00]} Be7 {[%clk 1:34:00]}
10. Bxf6 {[%clk 1:33:00]} Bxf6 {[%clk 1:34:00]} 11. c4 {[%clk 1:34:00]} b4 {[%clk
1:34:00]} 12. Nc2 {[%clk 1:34:00]} O-O {[%clk 1:35:00]} 13. g3 {[%clk 1:35:00]}
Bg5 {[%clk 1:33:00]} 14. h4 {[%clk 1:35:00]} Bh6 {[%clk 1:33:00]} 15. Bg2 {[%clk
1:35:00]} a5 {[%clk 1:32:00]} 16. O-O {[%clk 1:36:00]} Rb8 {[%clk 1:31:00]} 17.
b3 {[%clk 1:35:00]} Ne7 {[%clk 1:28:00]} 18. Nxe7+ {[%clk 1:36:00]} Qxe7 {[%clk
1:29:00]} 19. Qd3 {[%clk 1:36:00]} Be6 {[%clk 1:25:00]} 20. Rad1 {[%clk 1:36:00]}
Rfd8 {[%clk 1:25:00]} 21. Ne3 {[%clk 1:36:00]} Bxe3 {[%clk 1:25:00]} 22. Qxe3
{[%clk 1:36:00]} Qc7 {[%clk 1:24:00]} 23. Rd3 {[%clk 1:31:00]} Rd7 {[%clk
1:10:00]} 24. Rfd1 {[%clk 1:28:00]} Rbd8 {[%clk 1:09:00]} 25. Kh2 {[%clk
1:28:00]} Qc5 {[%clk 1:09:00]} 26. Qe2 {[%clk 1:28:00]} Kh8 {[%clk 1:00:00]} 27.
Bh3 {[%clk 1:27:00]} Rf8 {[%clk 0:53:00]} 28. Rd5 {[%clk 1:20:00]} Qc7 {[%clk
0:51:00]} 29. Rb5 {[%clk 1:21:00]} Bxh3 {[%clk 0:48:00]} 30. Kxh3 {[%clk
1:21:00]} f5 {[%clk 0:48:00]} 31. f3 {[%clk 1:14:00]} Rdf7 {[%clk 0:46:00]} 32.
Rd3 {[%clk 1:13:00]} g5 {[%clk 0:43:00]} 33. h5 {[%clk 0:45:00]} g4+ {[%clk
0:38:00]} 34. fxg4 {[%clk 0:44:00]} f4 {[%clk 0:38:00]} 35. Rf3 {[%clk 0:36:00]}
fxg3 {[%clk 0:37:31]} 36. Rf5 {[%clk 0:35:29]} Qa7 {[%clk 0:36:00]} 37. Kg2
{[%clk 0:32:00]} Qe7 {[%clk 0:31:00]} 38. Kxg3 {[%clk 0:30:00]} Rxf5 {[%clk
0:29:00]} 39. exf5 {[%clk 0:31:00]} Qg5 {[%clk 0:29:00]} 40. Qe4 {[%clk 0:29:00]}
Qc1 {[%clk 0:29:00]} 41. Rd5 {[%clk 0:27:00]} Qg1+ {[%clk 0:29:00]} 42. Kh3
{[%clk 0:27:00]} Qf1+ {[%clk 0:26:00]} 43. Qg2 {[%clk 0:28:00]} Qf4 {[%clk
0:25:00]} 44. Rxd6 {[%clk 0:25:00]} e4 {[%clk 0:24:32]} 45. Rd7 {[%clk 0:23:00]}
Qe3+ {[%clk 0:15:26]} 46. Qg3 {[%clk 0:23:00]} Qc3 {[%clk 0:15:46]} 47. Kg2
{[%clk 0:16:53]} Re8 {[%clk 0:14:09]} 48. Qxc3+ {[%clk 0:13:09]} bxc3 {[%clk
0:14:36]} 49. Rd1 {[%clk 0:13:38]} e3 {[%clk 0:14:24]} 50. Rc1 {[%clk 0:14:07]}
e2 {[%clk 0:14:20]} 51. Kf2 {[%clk 0:14:34]} c2 {[%clk 0:12:50]} 52. Ke1 {[%clk
0:14:59]} Re4 {[%clk 0:12:05]} 53. Rxc2 {[%clk 0:15:18]} Rxg4 {[%clk 0:12:20]}
54. c5 {[%clk 0:15:25]} Rg7 {[%clk 0:11:02]} 55. Rxe2 {[%clk 0:15:33]} Rc7 {[%clk
0:11:16]} 56. f6 {[%clk 0:15:39]} Kg8 {[%clk 0:11:22]} 57. Re8+ {[%clk 0:11:22]}
Kf7 {[%clk 0:11:47]} 58. Re7+ {[%clk 0:11:22]} 1-0

[Event "Campeonato España Sub 16"]
[Site "Salobreña"]
[Date "2017.07.29"]
[Round "9"]
[White "Rodriguez Lopez, David"]
[Black "Gillis Onieva, Celia"]
[Result "1-0"]
[Board "21"]
[WhiteClock "n/a"]
[WhiteElo "1923"]
[WhiteCountry "ESP"]
[WhiteFideId "32005830"]
[WhiteEloChange "13"]
[BlackClock "n/a"]
[BlackElo "2032"]
[BlackCountry "ESP"]
[BlackFideId "32092652"]
[BlackEloChange "-13"]

1. e4 {[%clk 1:30:30]} c5 {[%clk 1:30:30]} 2. Nc3 {[%clk 1:30:30]} Nc6 {[%clk
1:30:30]} 3. g3 {[%clk 1:30:30]} g6 {[%clk 1:30:30]} 4. Bg2 {[%clk 1:30:30]} Bg7
{[%clk 1:30:30]} 5. Nge2 {[%clk 1:30:30]} d6 {[%clk 1:30:30]} 6. O-O {[%clk
1:30:30]} Nf6 {[%clk 1:30:30]} 7. d3 {[%clk 1:30:30]} O-O {[%clk 1:30:30]} 8. h3
{[%clk 1:30:30]} Rb8 {[%clk 1:30:30]} 9. a4 {[%clk 1:30:30]} a6 {[%clk 1:30:30]}
10. f4 {[%clk 1:30:30]} Bd7 {[%clk 1:30:30]} 11. Nd5 {[%clk 1:30:30]} b5 {[%clk
1:30:30]} 12. axb5 {[%clk 1:30:30]} axb5 {[%clk 1:30:30]} 13. g4 {[%clk 1:30:30]}
Nxd5 {[%clk 1:30:30]} 14. exd5 {[%clk 1:30:30]} Nd4 {[%clk 1:30:30]} 15. Ng3
{[%clk 1:30:30]} b4 {[%clk 1:30:30]} 16. f5 {[%clk 1:30:30]} Ra8 {[%clk 1:30:30]}
17. Rxa8 {[%clk 1:30:30]} Qxa8 {[%clk 1:30:30]} 18. Bg5 {[%clk 1:30:30]} Re8
{[%clk 1:25:46]} 19. f6 {[%clk 1:23:59]} exf6 {[%clk 1:23:18]} 20. Bxf6 {[%clk
1:23:59]} Bxf6 {[%clk 1:19:44]} 21. Rxf6 {[%clk 1:23:59]} Qd8 {[%clk 1:19:16]}
22. Rxd6 {[%clk 1:13:29]} Qc7 {[%clk 1:17:47]} 23. Ne4 {[%clk 1:13:29]} Bxg4
{[%clk 1:05:18]} 24. Nf6+ {[%clk 1:06:58]} Kf8 {[%clk 1:05:18]} 25. Nxe8 {[%clk
1:06:28]} Qxd6 {[%clk 1:01:48]} 26. hxg4 {[%clk 1:00:58]} Kxe8 {[%clk 1:00:17]}
27. c3 {[%clk 1:00:29]} bxc3 {[%clk 1:00:17]} 28. bxc3 {[%clk 0:59:59]} Nb5
{[%clk 1:00:17]} 29. Qa4 {[%clk 0:56:27]} Qd7 {[%clk 0:59:49]} 30. Qc4 {[%clk
0:56:27]} Kf8 {[%clk 0:41:19]} 31. Qxc5+ {[%clk 0:56:27]} Kg8 {[%clk 0:40:48]}
32. Qc6 {[%clk 0:49:57]} Qxg4 {[%clk 0:35:18]} 33. Qxb5 {[%clk 0:49:28]} Qd1+
{[%clk 0:35:18]} 34. Kf2 {[%clk 0:44:57]} Qd2+ {[%clk 0:35:18]} 35. Kf3 {[%clk
0:44:57]} Qd1+ {[%clk 0:34:47]} 36. Ke3 {[%clk 0:44:57]} Qe1+ {[%clk 0:34:18]}
37. Kd4 {[%clk 0:44:57]} Qf2+ {[%clk 0:32:48]} 38. Kc4 {[%clk 0:44:57]} Qxg2
{[%clk 0:32:17]} 39. d6 {[%clk 0:41:28]} Qa2+ {[%clk 0:30:48]} 40. Kc5 {[%clk
0:40:58]} Qa3+ {[%clk 0:30:18]} 41. Qb4 {[%clk 0:40:28]} Qa7+ {[%clk 0:30:18]}
42. Kc6 {[%clk 0:39:57]} Qa6+ {[%clk 0:30:18]} 43. Qb6 {[%clk 0:39:28]} Qc8+
{[%clk 0:28:48]} 44. Qc7 {[%clk 0:39:28]} Qa6+ {[%clk 0:28:18]} 45. Kc5 {[%clk
0:38:58]} Qxd3 {[%clk 0:25:48]} 46. c4 {[%clk 0:36:28]} Qa3+ {[%clk 0:25:18]} 47.
Kb6 {[%clk 0:35:58]} Qb3+ {[%clk 0:23:47]} 48. Ka7 {[%clk 0:35:58]} Qa3+ {[%clk
0:23:18]} 49. Kb8 {[%clk 0:35:58]} Qb3+ {[%clk 0:23:18]} 50. Kc8 {[%clk 0:35:28]}
Qa4 {[%clk 0:23:18]} 51. d7 {[%clk 0:30:58]} Qa8+ {[%clk 0:23:18]} 52. Qb8 {[%clk
0:30:58]} Qc6+ {[%clk 0:22:47]} 53. Kd8 {[%clk 0:30:58]} Qf6+ {[%clk 0:22:18]}
54. Kc7+ {[%clk 0:30:58]} 1-0

[Event "Campeonato España Sub 16"]
[Site "Salobreña"]
[Date "2017.07.29"]
[Round "9"]
[White "Sosa Suarez, Carla Cristina"]
[Black "Henderson de La Fuente, Andrea"]
[Result "1-0"]
[Board "22"]
[WhiteClock "1:26"]
[WhiteElo "1911"]
[WhiteCountry "ESP"]
[WhiteFideId "24536350"]
[WhiteEloChange "13"]
[BlackClock "1:29"]
[BlackElo "2031"]
[BlackCountry "ESP"]
[BlackFideId "32096577"]
[BlackEloChange "-13"]

1. e4 {[%clk 1:26:00]} d6 {[%clk 1:29:00]} 2. d4 {[%clk 1:26:00]} Nf6 {[%clk
1:29:00]} 3. Nc3 {[%clk 1:26:00]} e5 {[%clk 1:29:00]} 4. Nf3 {[%clk 1:26:00]}
Nbd7 {[%clk 1:29:00]} 5. Bc4 {[%clk 1:26:00]} Be7 {[%clk 1:29:00]} 6. O-O {[%clk
1:26:00]} O-O {[%clk 1:29:00]} 7. Re1 {[%clk 1:26:00]} a6 {[%clk 1:29:00]} 8. a4
{[%clk 1:26:00]} b6 {[%clk 1:29:00]} 9. h3 {[%clk 1:26:00]} Bb7 {[%clk 1:29:00]}
10. Ba2 {[%clk 1:26:00]} b5 {[%clk 1:29:00]} 11. axb5 {[%clk 1:20:00]} axb5
{[%clk 1:30:00]} 12. b4 {[%clk 1:20:00]} d5 {[%clk 1:20:00]} 13. dxe5 {[%clk
0:59:00]} Nxe4 {[%clk 1:14:00]} 14. Nxd5 {[%clk 0:41:00]} Nxe5 {[%clk 1:02:00]}
15. Nxe5 {[%clk 0:40:00]} Bxd5 {[%clk 1:01:28]} 16. Bxd5 {[%clk 0:38:00]} Rxa1
{[%clk 1:01:00]} 17. Nc6 {[%clk 0:32:00]} Nc3 {[%clk 0:52:00]} 18. Qd3 {[%clk
0:25:00]} Qd6 {[%clk 0:42:00]} 19. Nxe7+ {[%clk 0:24:00]} Kh8 {[%clk 0:42:00]}
20. Qxc3 {[%clk 0:23:00]} Ra4 {[%clk 0:39:00]} 21. Nf5 {[%clk 0:21:00]} Qg6
{[%clk 0:38:29]} 22. Bb2 {[%clk 0:20:29]} f6 {[%clk 0:38:00]} 23. Qc5 {[%clk
0:20:00]} Re8 {[%clk 0:33:00]} 24. Re7 {[%clk 0:19:33]} Rb8 {[%clk 0:28:00]} 25.
Qxc7 {[%clk 0:18:55]} Rf8 {[%clk 0:29:00]} 26. Rf7 {[%clk 0:16:29]} Re8 {[%clk
0:28:00]} 27. Qe7 {[%clk 0:16:29]} 1-0

[Event "Campeonato España Sub 16"]
[Site "Salobreña"]
[Date "2017.07.29"]
[Round "9"]
[White "Sama Salinas, Alejandro"]
[Black "Codina Calvo, Daniel"]
[Result "1-0"]
[Board "23"]
[WhiteClock "1:27"]
[WhiteElo "2000"]
[WhiteCountry "ESP"]
[WhiteFideId "32086318"]
[WhiteEloChange "6"]
[BlackClock "1:21"]
[BlackElo "1845"]
[BlackCountry "ESP"]
[BlackFideId "32041675"]
[BlackEloChange "-6"]

1. g3 {[%clk 1:27:00]} Nf6 {[%clk 1:21:00]} 2. Bg2 {[%clk 1:27:00]} e6 {[%clk
1:21:00]} 3. e4 {[%clk 1:27:00]} d5 {[%clk 1:21:00]} 4. e5 {[%clk 1:25:00]} Nfd7
{[%clk 1:21:00]} 5. Nf3 {[%clk 1:24:00]} b6 {[%clk 1:14:00]} 6. d3 {[%clk
1:22:00]} Bb7 {[%clk 1:14:00]} 7. O-O {[%clk 1:22:00]} c5 {[%clk 1:13:00]} 8. Qe2
{[%clk 1:21:00]} h6 {[%clk 1:12:00]} 9. h4 {[%clk 1:20:00]} Be7 {[%clk 1:11:00]}
10. c4 {[%clk 1:16:00]} Nc6 {[%clk 1:05:00]} 11. cxd5 {[%clk 1:10:00]} exd5
{[%clk 1:04:00]} 12. e6 {[%clk 1:09:00]} fxe6 {[%clk 1:01:00]} 13. Qxe6 {[%clk
1:07:00]} Nf6 {[%clk 1:00:00]} 14. Qf5 {[%clk 0:55:00]} Qd7 {[%clk 0:44:00]} 15.
Qg6+ {[%clk 0:54:30]} Kd8 {[%clk 0:45:00]} 16. d4 {[%clk 0:48:00]} Qe8 {[%clk
0:41:00]} 17. Qd3 {[%clk 0:45:00]} Nb4 {[%clk 0:25:00]} 18. Qd1 {[%clk 0:41:00]}
Bd6 {[%clk 0:24:00]} 19. a3 {[%clk 0:40:00]} Nc6 {[%clk 0:23:30]} 20. Nc3 {[%clk
0:39:29]} Nxd4 {[%clk 0:22:00]} 21. Nxd4 {[%clk 0:39:29]} cxd4 {[%clk 0:23:00]}
22. Qxd4 {[%clk 0:32:00]} Bc5 {[%clk 0:22:00]} 23. Qd3 {[%clk 0:30:00]} Qd7
{[%clk 0:20:00]} 24. Bf4 {[%clk 0:25:00]} Re8 {[%clk 0:11:38]} 25. Rad1 {[%clk
0:23:00]} a5 {[%clk 0:07:51]} 26. Nb5 {[%clk 0:21:00]} Rc8 {[%clk 0:04:34]} 27.
a4 {[%clk 0:20:00]} Ba6 {[%clk 0:03:06]} 28. Qb3 {[%clk 0:09:03]} Bb7 {[%clk
0:02:17]} 29. Nc3 {[%clk 0:07:57]} d4 {[%clk 0:01:19]} 30. Bxb7 {[%clk 0:07:52]}
Qxb7 {[%clk 0:01:35]} 31. Nb5 {[%clk 0:08:01]} Re4 {[%clk 0:01:18]} 32. Rfe1
{[%clk 0:05:08]} Rxe1+ {[%clk 0:00:35]} 33. Rxe1 {[%clk 0:05:37]} Qd5 {[%clk
0:00:41]} 34. Qd3 {[%clk 0:05:25]} Bb4 {[%clk 0:00:58]} 35. Rd1 {[%clk 0:05:04]}
Ke7 {[%clk 0:00:38]} 36. Nxd4 {[%clk 0:05:02]} Qc4 {[%clk 0:00:32]} 37. Qg6
{[%clk 0:03:21]} Kf8 {[%clk 0:00:32]} 38. Bxh6 {[%clk 0:03:02]} gxh6 {[%clk
0:00:36]} 39. Qxf6+ {[%clk 0:03:28]} Kg8 {[%clk 0:00:42]} 40. Qg6+ {[%clk
0:03:43]} Kh8 {[%clk 0:00:40]} 41. Qxh6+ {[%clk 0:03:27]} Kg8 {[%clk 0:01:09]}
42. Qe6+ {[%clk 0:02:58]} 1-0